[Event "interzonal (w)"]
[Site "Tuzla"]
[Date "1987.??.??"]
[Round "1"]
[White "Arakhamia, Ketevan"]
[Black "Trabert, Bettina"]
[Result "1-0"]
[WhiteElo "2375"]
[BlackElo "2225"]
[EventDate "1987.07.??"]
[PlyCount "53"]

1.d4 d5 2.c4 e6 3.Nf3 c6 4.e3 Nf6 5.Nc3 Nbd7 6.Bd3 dxc4 7.Bxc4 b5 8.Bb3 
Be7 9.O-O Bb7 10.Re1 b4 11.Na4 c5 12.dxc5 Nxc5 13.Nxc5 Qxd1 14.Rxd1 Bxc5 
15.Ba4+ Ke7 16.Ne5 Rhd8 17.Bd2 Rac8 18.Rac1 Rd5 19.Nc4 Rcd8 20.Na5 Rxd2 
21.Nxb7 Rxd1+ 22.Bxd1 Bd6 23.Nxd8 Kxd8 24.Rc6 Be5 25.Ra6 Bxb2 26.Rxa7 Nd5 
27.Rxf7 1-0

[Event "interzonal (w)"]
[Site "Tuzla"]
[Date "1987.??.??"]
[Round "1"]
[White "Brustman, Agnieszka"]
[Black "Ivanka, Maria"]
[Result "1-0"]
[WhiteElo "2320"]
[BlackElo "2320"]
[EventDate "1987.07.??"]
[PlyCount "83"]

1.e4 c5 2.Nf3 e6 3.d4 cxd4 4.Nxd4 Nc6 5.Nc3 Qc7 6.Be2 a6 7.O-O b5 8.Nxc6 
Qxc6 9.Bf3 Bb7 10.Bf4 Rc8 11.e5 Qc7 12.Ne4 Bxe4 13.Bxe4 f5 14.Bf3 Ne7 15.
c3 Ng6 16.Bh5 Bc5 17.Qd2 O-O 18.Bxg6 hxg6 19.Rfe1 Qa7 20.Rad1 Rc7 21.Re2 
Kf7 22.Qd3 Rh8 23.Qg3 Rh5 24.Be3 Bxe3 25.Rxe3 g5 26.Red3 Ke8 27.Rd6 g4 28.
Qd3 Rh6 29.a4 Qc5 30.Qe2 Ra7 31.a5 Qc7 32.Rb6 d5 33.exd6 Qd7 34.b3 Ra8 35.
c4 Kf7 36.c5 Rah8 37.h3 e5 38.Qxe5 gxh3 39.g3 h2+ 40.Kh1 Qc8 41.Qd5+ Kf8 
42.Rb7 1-0

[Event "interzonal (w)"]
[Site "Tuzla"]
[Date "1987.??.??"]
[Round "1"]
[White "Hoiberg, Nina"]
[Black "Semenova, Lidia"]
[Result "0-1"]
[WhiteElo "2295"]
[BlackElo "2230"]
[EventDate "1987.07.??"]
[PlyCount "108"]

1.e4 g6 2.d4 Bg7 3.Nc3 c6 4.f4 d5 5.Nf3 Bg4 6.exd5 cxd5 7.Bb5+ Nc6 8.O-O 
Nf6 9.Qe1 Bxf3 10.Rxf3 Qb6 11.Bxc6+ bxc6 12.f5 Qxd4+ 13.Kh1 Qb4 14.a3 Qb7 
15.Bg5 O-O 16.Qh4 Rfd8 17.Raf1 c5 18.Rh3 h5 19.Qf4 Qb8 20.fxg6 fxg6 21.Qf3
Qd6 22.Qd3 Ng4 23.Nb5 Qe5 24.Bf4 Qe4 25.Qxe4 dxe4 26.Rg3 Kh7 27.h3 Nf6 28.
Nc7 Rac8 29.Ne6 Rd5 30.Ng5+ Kg8 31.Ne6 Rc6 32.Nxg7 Kxg7 33.Be3 h4 34.Rg5 
Rcd6 35.Kg1 a5 36.a4 c4 37.Rxd5 Rxd5 38.Rf2 g5 39.Rd2 Kg6 40.Rxd5 Nxd5 41.
Bd2 c3 42.Bxc3 Nxc3 43.bxc3 e3 44.Kf1 Kf5 45.Ke2 Ke4 46.c4 Kd4 47.c5 Kxc5 
48.Kxe3 Kc4 49.Ke4 Kc3 50.Kf5 Kxc2 51.Kxg5 e5 52.Kf5 Kb3 53.Kg4 Kc3 54.Kf5
Kd3 0-1

[Event "interzonal (w)"]
[Site "Tuzla"]
[Date "1987.??.??"]
[Round "1"]
[White "Ioseliani, Nana"]
[Black "Frometa Castillo, Zirka"]
[Result "1-0"]
[WhiteElo "2450"]
[BlackElo "2220"]
[EventDate "1987.07.??"]
[PlyCount "121"]

1.e4 Nf6 2.e5 Nd5 3.d4 Nb6 4.Nf3 d5 5.exd6 cxd6 6.Bd3 g6 7.O-O Bg7 8.Re1 
O-O 9.c4 Nc6 10.d5 Nb4 11.Bf1 Bg4 12.Na3 e5 13.h3 Bd7 14.Bd2 Na6 15.Nc2 
Rc8 16.b3 f5 17.a4 Nc5 18.Rb1 Ne4 19.Bb4 g5 20.Nd2 Nxd2 21.Qxd2 Qf6 22.a5 
Na8 23.Bc3 g4 24.hxg4 fxg4 25.Ne3 h5 26.c5 Bh6 27.b4 Qh4 28.g3 Qf6 29.Bg2 
h4 30.Qe2 hxg3 31.fxg3 b6 32.a6 b5 33.c6 Bxe3+ 34.Qxe3 Bf5 35.Rb2 Qg6 36.
Rf2 Rf7 37.Ref1 Nc7 38.Bh1 Ne8 39.Rh2 Rh7 40.Rff2 Rcc7 41.Rd2 Nf6 42.Rdf2 
Ne4 43.Rxh7 Rxh7 44.Rxf5 Rxh1+ 45.Kxh1 Qxf5 46.c7 Qh7+ 47.Kg2 Qxc7 48.Qxe4
Qxc3 49.Qg6+ Kh8 50.Qh5+ Kg7 51.Qxg4+ Kh6 52.Qe6+ Kg5 53.Qe7+ Kg4 54.Qd7+ 
Kg5 55.Kh3 Qxb4 56.Qe7+ Kf5 57.Qf7+ Ke4 58.Qxa7 Kxd5 59.Qb7+ Ke6 60.a7 Kf5
61.Qd7+ 1-0

[Event "interzonal (w)"]
[Site "Tuzla"]
[Date "1987.??.??"]
[Round "1"]
[White "Khadilkar, Rohini"]
[Black "Matveeva, Svetlana"]
[Result "0-1"]
[WhiteElo "2220"]
[BlackElo "2380"]
[EventDate "1987.07.??"]
[PlyCount "62"]

1.e4 g6 2.d4 Bg7 3.Nc3 c6 4.Bc4 d6 5.Qf3 e6 6.Be3 b5 7.Bb3 Ne7 8.h4 h6 9.
a3 Nd7 10.Qg3 Nf6 11.h5 g5 12.f4 d5 13.fxg5 Nxe4 14.Nxe4 dxe4 15.gxh6 Bf6 
16.Ne2 Nd5 17.Bxd5 cxd5 18.Qf4 Be7 19.g4 f6 20.Rf1 O-O 21.O-O-O Bd7 22.h7+
Kh8 23.Qh6 Rf7 24.Nf4 Rxh7 25.Ng6+ Kg8 26.Nxe7+ Qxe7 27.Qxf6 Qxf6 28.Rxf6 
Rf8 29.Rxf8+ Kxf8 30.Rf1+ Rf7 31.Bh6+ Kg8 0-1

[Event "interzonal (w)"]
[Site "Tuzla"]
[Date "1987.??.??"]
[Round "1"]
[White "Lebel-Arias, Julia"]
[Black "Petrovic, Marija"]
[Result "0-1"]
[WhiteElo "2150"]
[BlackElo "2200"]
[EventDate "1987.07.??"]
[PlyCount "136"]

1.d4 g6 2.f4 d5 3.Nf3 Bg7 4.Nbd2 Nf6 5.e3 Bf5 6.c4 c6 7.Qb3 Qc7 8.Ne5 O-O 
9.Be2 e6 10.c5 b6 11.Qa3 bxc5 12.Qxc5 Ne4 13.Nxe4 Bxe4 14.O-O f6 15.Ng4 
Nd7 16.Qc3 e5 17.Nf2 exd4 18.exd4 f5 19.Be3 Rfe8 20.Rac1 Qb6 21.Rfd1 Rac8 
22.b4 Nf6 23.a4 Bf8 24.Bd2 Bxg2 25.a5 Qb7 26.Bd3 Be4 27.Bf1 Bd6 28.Re1 Qd7
29.Ba6 Rc7 30.Qh3 Nh5 31.Nxe4 dxe4 32.Qb3+ Kf8 33.b5 cxb5 34.Rxc7 Qxc7 35.
Rc1 Qe7 36.Rc6 e3 37.Be1 Kg7 38.Bxb5 Bxf4 39.d5 Qg5+ 40.Kh1 Be5 41.Rc4 Rb8
42.Bh4 e2 43.Rc7+ Kh8 44.Bxe2 Rxb3 45.Rc8+ Kg7 46.Bxg5 Nf6 47.Bxf6+ Kxf6 
48.Rc6+ Kg5 49.Re6 Bc7 50.d6 Bxa5 51.d7 Rb2 52.Re8 Rd2 53.Bb5 Bb6 54.Rh8 
h5 55.Rg8 h4 56.h3 Rd6 57.Kg2 Kf4 58.Rc8 Rd2+ 59.Kf1 g5 60.Ke1 Rd4 61.Ke2 
g4 62.hxg4 fxg4 63.Rf8+ Kg3 64.Bc6 Rd6 65.Bb5 h3 66.Ke1 h2 67.Rh8 Bf2+ 68.
Ke2 Kg2 0-1

[Event "interzonal (w)"]
[Site "Tuzla"]
[Date "1987.??.??"]
[Round "1"]
[White "Liu Shilan"]
[Black "Sakhatova, Gulnar"]
[Result "1-0"]
[WhiteElo "2335"]
[BlackElo "2350"]
[EventDate "1987.07.??"]
[PlyCount "70"]

1.e4 c5 2.Nf3 d6 3.d4 cxd4 4.Nxd4 Nf6 5.Nc3 Nc6 6.f4 g6 7.Nf3 Bg7 8.Bd3 
Qb6 9.Qe2 O-O 10.Qe3 Qd8 11.Qf2 e5 12.Qh4 Qb6 13.fxe5 dxe5 14.Rb1 Bg4 15.
Rf1 Bxf3 16.Rxf3 Nd4 17.Rf2 Rac8 18.Bd2 Qe6 19.h3 b5 20.a3 a5 21.Bg5 b4 
22.axb4 axb4 23.Nd1 Nd7 24.Be7 b3 25.c3 Rfe8 26.Ba3 Nc6 27.Ne3 Bf6 28.Qg3 
Ne7 29.Bb5 Red8 30.Rd1 Nf8 31.Rxd8 Rxd8 32.Bc4 Qc6 33.Bxe7 Bxe7 34.Rxf7 
Qxc4 35.Rxf8+ Kxf8 1-0

[Event "interzonal (w)"]
[Site "Tuzla"]
[Date "1987.??.??"]
[Round "1"]
[White "Maksimovic, Suzana"]
[Black "Veroci-Petronic, Zsuzsa"]
[Result "1/2-1/2"]
[WhiteElo "2345"]
[BlackElo "2360"]
[EventDate "1987.07.??"]
[PlyCount "52"]

1.d4 Nf6 2.c4 g6 3.Nc3 d5 4.cxd5 Nxd5 5.e4 Nxc3 6.bxc3 Bg7 7.Bc4 O-O 8.Ne2
Nc6 9.O-O b6 10.Bg5 Na5 11.Bd5 c6 12.Bb3 Ba6 13.Re1 Qc7 14.e5 Rad8 15.Qc1 
c5 16.Qa3 Bb7 17.Rad1 Nxb3 18.axb3 Bxe5 19.dxe5 Rxd1 20.Rxd1 Qxe5 21.Ng3 
Qxg5 22.Qxa7 Ba8 23.Qxb6 e6 24.Qc7 h5 25.h4 Qxh4 26.Qxc5 Qf6 1/2-1/2

[Event "interzonal (w)"]
[Site "Tuzla"]
[Date "1987.??.??"]
[Round "1"]
[White "Nikolin, Zorica"]
[Black "Canela Gimenez, Teresa"]
[Result "0-1"]
[WhiteElo "2325"]
[BlackElo "2100"]
[EventDate "1987.07.??"]
[PlyCount "66"]

1.e4 c5 2.Nf3 Nc6 3.d4 cxd4 4.Nxd4 g6 5.c4 Bg7 6.Be3 Nf6 7.Nc3 O-O 8.Be2 
d6 9.O-O Re8 10.Rc1 Nxd4 11.Bxd4 Bh6 12.f4 e5 13.Be3 Be6 14.Qd2 exf4 15.
Bxf4 Bxf4 16.Rxf4 Qb6+ 17.Kh1 Nd7 18.Nb5 Red8 19.Nxd6 a5 20.e5 Nxe5 21.c5 
Qc7 22.Qe3 Nd7 23.Nb5 Qe5 24.Qxe5 Nxe5 25.Nc7 Rac8 26.Nxe6 fxe6 27.Ra4 Rd2
28.Bf3 Nxf3 29.gxf3 Rxb2 30.Rxa5 Rd8 31.Ra4 Rdd2 32.Rh4 Rxa2 33.Rb4 Rxh2+ 
0-1

[Event "interzonal (w)"]
[Site "Tuzla"]
[Date "1987.??.??"]
[Round "2"]
[White "Canela Gimenez, Teresa"]
[Black "Hoiberg, Nina"]
[Result "1-0"]
[WhiteElo "2100"]
[BlackElo "2295"]
[EventDate "1987.07.??"]
[PlyCount "71"]

1.e4 e5 2.Nf3 Nc6 3.Bb5 f5 4.Nc3 fxe4 5.Nxe4 Nf6 6.Nxf6+ Qxf6 7.Qe2 Be7 8.
Bxc6 dxc6 9.Nxe5 Bf5 10.d3 O-O-O 11.O-O Bc5 12.Bd2 Rhe8 13.Bc3 Re6 14.Kh1 
Rde8 15.f4 h6 16.b4 Bd6 17.Qf2 b6 18.Bd4 Bxe5 19.fxe5 Qd8 20.Bc3 Bg6 21.a4
Kb7 22.b5 Qd5 23.Qf3 Qc5 24.d4 Qd5 25.Qxd5 cxd5 26.Ra2 c5 27.a5 Rc8 28.
axb6 Rxb6 29.Rfa1 Ra8 30.Ra5 Be4 31.dxc5 Rg6 32.Rg1 Rf8 33.Bd4 Rf1 34.Rxf1
Rxg2 35.c6+ Kb8 36.Rf8+ 1-0

[Event "interzonal (w)"]
[Site "Tuzla"]
[Date "1987.??.??"]
[Round "2"]
[White "Frometa Castillo, Zirka"]
[Black "Matveeva, Svetlana"]
[Result "0-1"]
[WhiteElo "2220"]
[BlackElo "2380"]
[EventDate "1987.07.??"]
[PlyCount "123"]

1.d4 Nf6 2.Nc3 d5 3.Bg5 h6 4.Bh4 Bf5 5.e3 e6 6.Nf3 Nbd7 7.Bd3 Bxd3 8.cxd3 
c6 9.O-O Be7 10.Bxf6 Bxf6 11.e4 O-O 12.Rc1 Qa5 13.e5 Be7 14.Nd2 Qa6 15.Nb3
Rac8 16.Qe2 c5 17.dxc5 Nxc5 18.Nxc5 Bxc5 19.Kh1 Rc7 20.f4 Rfc8 21.f5 Kf8 
22.fxe6 Qxe6 23.d4 Bb4 24.Rf3 Rc4 25.Qf2 R8c7 26.h3 b5 27.Kh2 Bxc3 28.
Rfxc3 b4 29.Rxc4 dxc4 30.Qf3 Rc8 31.Qe4 Rd8 32.d5 Qxd5 33.Rxc4 Qxe4 34.
Rxe4 a5 35.a3 bxa3 36.bxa3 Ke8 37.Ra4 Rd5 38.Re4 Ke7 39.g4 Ke6 40.Kg3 Rxe5
41.Ra4 Kd6 42.Kf4 f6 43.Rd4+ Rd5 44.Ra4 Kc6 45.h4 g5+ 46.hxg5 hxg5+ 47.Ke4
Re5+ 48.Kd3 Kd6 49.Rc4 Rc5 50.Re4 Rd5+ 51.Kc3 Re5 52.Rd4+ Ke6 53.Rd8 Re3+ 
54.Kb2 Re4 55.Re8+ Kd5 56.Rf8 Ke5 57.Ra8 a4 58.Ra5+ Ke6 59.Ra6+ Kf7 60.
Ra7+ Kg6 61.Rb7 Rxg4 62.Rb4 0-1

[Event "interzonal (w)"]
[Site "Tuzla"]
[Date "1987.??.??"]
[Round "2"]
[White "Ioseliani, Nana"]
[Black "Arakhamia, Ketevan"]
[Result "1-0"]
[WhiteElo "2450"]
[BlackElo "2375"]
[EventDate "1987.07.??"]
[PlyCount "69"]

1.e4 c5 2.Nf3 d6 3.d4 cxd4 4.Nxd4 Nf6 5.Nc3 a6 6.Be3 e5 7.Nb3 Be6 8.Qd2 
Nbd7 9.f3 b5 10.O-O-O Rc8 11.Kb1 Be7 12.g4 Qc7 13.Qf2 O-O 14.h4 b4 15.Nd5 
Bxd5 16.exd5 a5 17.Bb5 Nc5 18.h5 Nfd7 19.g5 a4 20.Nxc5 Nxc5 21.Qd2 b3 22.
cxb3 axb3 23.a3 f5 24.Rc1 Qb7 25.Bc6 Qa6 26.Rhd1 f4 27.Bxc5 dxc5 28.g6 h6 
29.d6 Qxc6 30.dxe7 Rfe8 31.Qd7 c4 32.Qxc6 Rxc6 33.Rd8 Rc8 34.Rcd1 c3 35.
bxc3 1-0

[Event "interzonal (w)"]
[Site "Tuzla"]
[Date "1987.??.??"]
[Round "2"]
[White "Ivanka, Maria"]
[Black "Lebel-Arias, Julia"]
[Result "1-0"]
[WhiteElo "2320"]
[BlackElo "2150"]
[EventDate "1987.07.??"]
[PlyCount "101"]

1.Nf3 f5 2.c4 Nf6 3.Nc3 g6 4.g3 Bg7 5.Bg2 O-O 6.O-O d6 7.d4 c6 8.b4 Na6 9.
Qb3 Nc7 10.Bb2 Qe8 11.d5 Kh8 12.Rad1 Bd7 13.e3 Rb8 14.a4 a6 15.Ng5 h6 16.
Nh3 g5 17.f4 Qh5 18.Nf2 cxd5 19.Nxd5 Ncxd5 20.cxd5 Rbc8 21.Rc1 Qe2 22.Rfe1
Rxc1 23.Rxc1 Bxa4 24.Qa3 Bd7 25.Bf1 Qf3 26.Rc7 Rd8 27.Rxb7 Qxd5 28.Qxa6 
Bc6 29.Rxe7 gxf4 30.exf4 Nh5 31.Bxg7+ Nxg7 32.b5 Ba8 33.Qa7 Qg8 34.Qc7 Bd5
35.b6 Ne6 36.Qc3+ Ng7 37.Qf6 Qf8 38.Qxh6+ Kg8 39.Qg5 Rb8 40.g4 Rxb6 41.
Rxg7+ Qxg7 42.Qd8+ Kh7 43.Qxb6 fxg4 44.Bd3+ Kh8 45.Qd8+ Bg8 46.Qh4+ Bh7 
47.Qxh7+ Qxh7 48.Bxh7 Kxh7 49.Nxg4 Kg6 50.Kf2 d5 51.Kf3 1-0

[Event "interzonal (w)"]
[Site "Tuzla"]
[Date "1987.??.??"]
[Round "2"]
[White "Petrovic, Marija"]
[Black "Maksimovic, Suzana"]
[Result "1/2-1/2"]
[WhiteElo "2200"]
[BlackElo "2345"]
[EventDate "1987.07.??"]
[PlyCount "124"]

1.Nf3 d5 2.d4 c6 3.c3 Bf5 4.Bf4 e6 5.e3 Nf6 6.Nbd2 Nbd7 7.Be2 h6 8.h3 Ne4 
9.Nxe4 Bxe4 10.Qb3 Qb6 11.O-O Be7 12.Nd2 Bg6 13.Rfe1 O-O 14.Bf3 Rfe8 15.e4
Bf8 16.Be3 Qc7 17.c4 dxe4 18.Nxe4 a5 19.a3 a4 20.Qd1 Red8 21.Qc1 Qa5 22.
Bd2 Qb6 23.Bc3 Qc7 24.Qe3 c5 25.Nxc5 Nxc5 26.dxc5 Bxc5 27.Qe5 Qxe5 28.Rxe5
Bd4 29.Bxd4 Rxd4 30.Rb5 Rxc4 31.Rxb7 Rd8 32.Rb4 Rc2 33.Bd1 Rcd2 34.Bxa4 
Re2 35.Bb5 Rc2 36.b3 Rdd2 37.Rf1 e5 38.Rc4 Ra2 39.Rc8+ Kh7 40.a4 e4 41.Re8
f5 42.Re5 f4 43.Bc6 Re2 44.Re6 Bf5 45.Re8 Kg6 46.b4 Kg5 47.a5 f3 48.b5 
fxg2 49.Kxg2 Kh4 50.Kg1 Bxh3 51.Rc1 Rxa5 52.Rf8 g6 53.Rb1 Bf5 54.Ra8 Rxa8 
55.Bxa8 e3 56.Rb4+ Kg5 57.fxe3 Rxe3 58.Bd5 Re1+ 59.Kf2 Re8 60.b6 Bc8 61.
Bc6 Rf8+ 62.Ke3 Rf6 1/2-1/2

[Event "interzonal (w)"]
[Site "Tuzla"]
[Date "1987.??.??"]
[Round "2"]
[White "Sakhatova, Gulnar"]
[Black "Khadilkar, Rohini"]
[Result "1/2-1/2"]
[WhiteElo "2350"]
[BlackElo "2220"]
[EventDate "1987.07.??"]
[PlyCount "81"]

1.d4 Nf6 2.c4 e6 3.Nc3 d5 4.Nf3 c5 5.cxd5 exd5 6.g3 Nc6 7.Bg2 Be7 8.O-O 
O-O 9.Bg5 cxd4 10.Nxd4 h6 11.Be3 Re8 12.Qb3 Na5 13.Qc2 Bg4 14.Nf5 Bb4 15.
Bd4 Bxc3 16.Bxc3 Rxe2 17.Qd1 Nc6 18.Nd4 Re8 19.Nxc6 Qb6 20.Qa4 Qxc6 21.Qf4
Bh5 22.Bxf6 Qxf6 23.Qxf6 gxf6 24.Bxd5 Rad8 25.Bxb7 Rb8 26.Bc6 Rec8 27.Rac1
Rxb2 28.Bd5 Rcc2 29.Rxc2 Rxc2 30.f3 Bg6 31.Rf2 Rc1+ 32.Kg2 Bf5 33.Rd2 Kf8 
34.g4 Be6 35.Kg3 Ke7 36.h4 Rc3 37.Be4 Ra3 38.Bb1 a5 39.Kf4 Ra4+ 40.Ke3 Rb4
41.Be4 1/2-1/2

[Event "interzonal (w)"]
[Site "Tuzla"]
[Date "1987.??.??"]
[Round "2"]
[White "Semenova, Lidia"]
[Black "Liu Shilan"]
[Result "0-1"]
[WhiteElo "2230"]
[BlackElo "2335"]
[EventDate "1987.07.??"]
[PlyCount "160"]

1.Nf3 d5 2.g3 Nf6 3.Bg2 c5 4.O-O Nc6 5.d3 e6 6.Nbd2 Be7 7.e4 O-O 8.Re1 b6 
9.e5 Nd7 10.Nf1 a5 11.h4 b5 12.Bf4 b4 13.Bh3 Nd4 14.Nxd4 cxd4 15.Nh2 Re8 
16.Nf3 Qb6 17.h5 Bf8 18.h6 g6 19.Qd2 Ba6 20.Bg5 a4 21.b3 a3 22.Qf4 Rac8 
23.Nxd4 Rc7 24.Re2 Rec8 25.Rd1 Bb7 26.Rdd2 Bc5 27.Nf3 d4 28.Ne1 Qb5 29.Qh4
Re8 30.f4 Rcc8 31.Bg2 Bxg2 32.Nxg2 Nb6 33.Re1 Nd5 34.Kh2 Qb7 35.g4 Nc3 36.
Ra1 Bf8 37.Qf2 Qd5 38.Ne1 Rc6 39.Nf3 Rec8 40.Nxd4 R6c7 41.Nf3 Bc5 42.Qg3 
Be3 43.Rg2 Bd4 44.Nxd4 Qxd4 45.Qf2 Qxf2 46.Rxf2 Nd5 47.f5 Rxc2 48.Rf1 gxf5
49.gxf5 exf5 50.Kg1 Rxf2 51.Rxf2 Rc3 52.Rd2 Kf8 53.Kf2 Ke8 54.Be3 Kd7 55.
Bd4 Rc6 56.Be3 f4 57.Bd4 Ke6 58.Kf3 Kf5 59.Rh2 Rg6 60.Ke2 Rg5 61.Kf1 Rg3 
62.Rd2 Kg5 63.Bf2 Rh3 64.Kg2 Rxh6 65.Rc2 Kf5 66.Bd4 Rg6+ 67.Kf2 Nc3 68.Bc5
Rc6 69.d4 Nd5 70.Kf3 Rh6 71.Rc4 Rh3+ 72.Kg2 Rd3 73.Kf1 Rd2 74.Bxb4 Nxb4 
75.Rxb4 Rxa2 76.Ra4 h5 77.b4 h4 78.b5 h3 79.Kg1 f3 80.Ra7 Rg2+ 0-1

[Event "interzonal (w)"]
[Site "Tuzla"]
[Date "1987.??.??"]
[Round "2"]
[White "Trabert, Bettina"]
[Black "Brustman, Agnieszka"]
[Result "0-1"]
[WhiteElo "2225"]
[BlackElo "2320"]
[EventDate "1987.07.??"]
[PlyCount "108"]

1.e4 c5 2.c3 d5 3.exd5 Qxd5 4.d4 e6 5.Nf3 Nf6 6.Be2 Nc6 7.O-O cxd4 8.cxd4 
Be7 9.Nc3 Qd6 10.Nb5 Qd8 11.Bf4 Nd5 12.Bg3 O-O 13.Bc4 a6 14.Bxd5 axb5 15.
Bb3 Na5 16.Bc2 Bd7 17.Ne5 Bc6 18.Qd3 g6 19.Bf4 Qd5 20.Qg3 Nc4 21.Ng4 Nxb2 
22.Be5 f6 23.Ne3 Qd8 24.Bf4 Rf7 25.Rfe1 Qd7 26.Re2 Nc4 27.Ng4 Bf8 28.h4 
Kh8 29.Nh6 Bxh6 30.Bxh6 Bd5 31.h5 gxh5 32.Qh3 Rg8 33.Be4 f5 34.Bxd5 Qxd5 
35.Rae1 Rf6 36.Bc1 Rfg6 37.f3 Qxd4+ 38.Kh1 h4 39.f4 Rh6 40.Qf3 h3 41.g3 h2
42.Rg2 Rh3 43.Qb3 Qd5 44.Rd1 Qe4 45.Bb2+ e5 46.fxe5 Nxb2 47.Qxb2 Re8 48.
Qxb5 Rxe5 49.Rd8+ Kg7 50.Rd7+ Kh6 51.Qf1 Rxg3 52.Kxh2 Rxg2+ 53.Qxg2 Qh4+ 
54.Kg1 Re1+ 0-1

[Event "interzonal (w)"]
[Site "Tuzla"]
[Date "1987.??.??"]
[Round "2"]
[White "Veroci-Petronic, Zsuzsa"]
[Black "Nikolin, Zorica"]
[Result "0-1"]
[WhiteElo "2360"]
[BlackElo "2325"]
[EventDate "1987.07.??"]
[PlyCount "92"]

1.e4 e5 2.Nf3 Nc6 3.Bb5 a6 4.Ba4 Nf6 5.O-O Nxe4 6.d4 b5 7.Bb3 d5 8.dxe5 
Be6 9.Nbd2 Be7 10.Nxe4 dxe4 11.Bxe6 fxe6 12.Qxd8+ Rxd8 13.Ng5 Nd4 14.Be3 
Bxg5 15.Bxg5 Rd5 16.c3 Nf5 17.Rfe1 h6 18.Bf4 g5 19.Bc1 Rf8 20.a4 Kd7 21.
axb5 axb5 22.b3 Rd3 23.Ra5 b4 24.cxb4 Nd4 25.Be3 Nc2 26.Rc1 Nxe3 27.fxe3 
Rb8 28.Ra7 Rc8 29.Rc4 Rxe3 30.Kf2 Rxb3 31.Rxe4 Kc6 32.Ra1 Kb6 33.h4 Rf8+ 
34.Kg1 Rf4 35.Rae1 Rxb4 36.Rxb4+ Rxb4 37.hxg5 hxg5 38.Kf2 Kc5 39.Kg3 Kd5 
40.Ra1 c5 41.Ra8 Kxe5 42.Rg8 g4 43.Rc8 Kd6 44.Kh4 Re4 45.Kg5 c4 46.g3 Kd5 
0-1

[Event "interzonal (w)"]
[Site "Tuzla"]
[Date "1987.??.??"]
[Round "3"]
[White "Arakhamia, Ketevan"]
[Black "Frometa Castillo, Zirka"]
[Result "1-0"]
[WhiteElo "2375"]
[BlackElo "2220"]
[EventDate "1987.07.??"]
[PlyCount "55"]

1.d4 c5 2.d5 Nf6 3.Nc3 Qa5 4.Nf3 b5 5.Nd2 c4 6.e4 e6 7.Qf3 Bb7 8.b3 exd5 
9.exd5 Bb4 10.Bb2 Nxd5 11.Nxd5 Bxd2+ 12.Kd1 Bxd5 13.Qxd5 c3 14.Qe4+ Kd8 
15.Qxa8 cxb2 16.Qxb8+ Ke7 17.Qe5+ Kd8 18.Rb1 Re8 19.Qb8+ Ke7 20.Qxb5 Qxa2 
21.Rxb2 Qxb2 22.Kxd2 Qd4+ 23.Bd3 Qxf2+ 24.Kd1 Kf8 25.Rf1 Qd4 26.Qa4 Qd5 
27.Qc4 Re5 28.Qxd5 1-0

[Event "interzonal (w)"]
[Site "Tuzla"]
[Date "1987.??.??"]
[Round "3"]
[White "Brustman, Agnieszka"]
[Black "Ioseliani, Nana"]
[Result "1/2-1/2"]
[WhiteElo "2450"]
[BlackElo "2320"]
[EventDate "1987.07.??"]
[PlyCount "102"]

1.e4 c5 2.Nf3 e6 3.d4 cxd4 4.Nxd4 Nc6 5.Nc3 a6 6.Be2 d6 7.Be3 Nf6 8.f4 Qc7
9.Qd2 Be7 10.O-O-O O-O 11.Rhg1 Re8 12.g4 Bf8 13.g5 Nd7 14.h4 b5 15.Bd3 Bb7
16.Kb1 Nxd4 17.Bxd4 b4 18.Ne2 e5 19.Bf2 d5 20.b3 dxe4 21.Bc4 Red8 22.f5 
Nb6 23.Bxb6 Qxb6 24.Qe1 Rxd1+ 25.Qxd1 Rd8 26.Qe1 Bd5 27.Bxd5 Rxd5 28.f6 
Bc5 29.Rf1 e3 30.Ng3 g6 31.h5 Bd4 32.hxg6 hxg6 33.Ne2 Kf8 34.Qh4 Ke8 35.
Qh8+ Kd7 36.Qf8 Qe6 37.Qa8 Qc6 38.Qf8 Qe6 39.Qa8 Kc7 40.Rh1 Qc6 41.Qf8 Bc5
42.Qg7 Rd2 43.Re1 Qd5 44.Nc1 Kb6 45.Qg8 Qe4 46.Qb8+ Ka5 47.Nd3 e2 48.Kc1 
Rd1+ 49.Rxd1 exd1=Q+ 50.Kxd1 Qf3+ 51.Ke1 Qe3+ 1/2-1/2

[Event "interzonal (w)"]
[Site "Tuzla"]
[Date "1987.??.??"]
[Round "3"]
[White "Hoiberg, Nina"]
[Black "Veroci-Petronic, Zsuzsa"]
[Result "0-1"]
[WhiteElo "2295"]
[BlackElo "2360"]
[EventDate "1987.07.??"]
[PlyCount "98"]

1.e4 c5 2.Nf3 e6 3.d4 cxd4 4.Nxd4 a6 5.Nc3 Qc7 6.Be2 b5 7.a3 Bb7 8.f4 Nf6 
9.Bf3 Nc6 10.e5 Nxd4 11.Qxd4 Bc5 12.Qd3 Nd5 13.Nxd5 Bxd5 14.Bxd5 exd5 15.
Be3 Bxe3 16.Qxe3 O-O 17.c3 d6 18.exd6 Qxd6 19.O-O Rae8 20.Qd2 Re4 21.Rad1 
Rd8 22.Rf3 Qc5+ 23.Kh1 Qc4 24.Re1 Rde8 25.Rxe4 Rxe4 26.h3 h6 27.Rf2 a5 28.
Kh2 f5 29.Kh1 Kf7 30.Qd1 Kf6 31.Kg1 Re3 32.Rd2 Qe4 33.Kf1 Qxf4+ 34.Rf2 Qe4
35.Qd4+ Qxd4 36.cxd4 Rd3 37.Rc2 b4 38.Rc6+ Kg5 39.Rc5 Rxd4 40.Rxa5 bxa3 
41.Rxa3 Kf4 42.g3+ Ke5 43.Ke2 Rb4 44.b3 g5 45.Kf2 h5 46.Ra6 Rxb3 47.Rg6 g4
48.Rh6 Rb2+ 49.Kg1 gxh3 0-1

[Event "interzonal (w)"]
[Site "Tuzla"]
[Date "1987.??.??"]
[Round "3"]
[White "Khadilkar, Rohini"]
[Black "Semenova, Lidia"]
[Result "0-1"]
[WhiteElo "2220"]
[BlackElo "2230"]
[EventDate "1987.07.??"]
[PlyCount "48"]

1.e4 c6 2.d4 d5 3.exd5 cxd5 4.c4 Nf6 5.Nc3 e6 6.Nf3 Bb4 7.a3 Bxc3+ 8.bxc3 
O-O 9.Bd3 dxc4 10.Bxc4 Qc7 11.Qd3 b6 12.O-O Nbd7 13.Re1 Bb7 14.Ba2 Rac8 
15.Bd2 Rfd8 16.Qe2 Bd5 17.Ne5 Nxe5 18.Qxe5 Qxe5 19.Rxe5 Ne4 20.Bxd5 Nxd2 
21.Ba2 Rxc3 22.d5 exd5 23.Bxd5 Kf8 24.Bb7 Nc4 0-1

[Event "interzonal (w)"]
[Site "Tuzla"]
[Date "1987.??.??"]
[Round "3"]
[White "Lebel-Arias, Julia"]
[Black "Trabert, Bettina"]
[Result "0-1"]
[WhiteElo "2150"]
[BlackElo "2225"]
[EventDate "1987.07.??"]
[PlyCount "62"]

1.d4 d5 2.f4 Nf6 3.Nd2 Bf5 4.Ngf3 e6 5.e3 Nbd7 6.c3 Bd6 7.Be2 c5 8.Ne5 a6 
9.a4 b6 10.O-O O-O 11.g4 Be4 12.g5 Ne8 13.Nxe4 dxe4 14.Nxd7 Qxd7 15.dxc5 
bxc5 16.Qc2 Qc6 17.Bc4 Bc7 18.b3 Nd6 19.Be2 Nf5 20.Rd1 Rad8 21.Kf2 f6 22.
gxf6 Rxf6 23.Rxd8+ Bxd8 24.Qd1 Be7 25.Bc4 Rh6 26.Qh1 Bh4+ 27.Kg2 Bg3 28.
Qd1 Rxh2+ 29.Kg1 Nh4 30.Qd8+ Kf7 31.f5 Nf3+ 0-1

[Event "interzonal (w)"]
[Site "Tuzla"]
[Date "1987.??.??"]
[Round "3"]
[White "Liu Shilan"]
[Black "Canela Gimenez, Teresa"]
[Result "0-1"]
[WhiteElo "2335"]
[BlackElo "2100"]
[EventDate "1987.07.??"]
[PlyCount "132"]

1.e4 c5 2.Nf3 Nc6 3.c3 d5 4.exd5 Qxd5 5.d4 e6 6.Be2 Nf6 7.Na3 Qd8 8.Nc2 
Be7 9.O-O O-O 10.dxc5 Bxc5 11.Be3 Qb6 12.b4 Bxe3 13.Nxe3 Qc7 14.Qb3 e5 15.
Bc4 e4 16.Nd4 Ne5 17.Be2 Bg4 18.Rfe1 Bxe2 19.Rxe2 Ng6 20.Rd1 Qf4 21.c4 
Rad8 22.Red2 Rde8 23.c5 Ne5 24.Nf1 a6 25.Qg3 Qxg3 26.hxg3 g6 27.Ne3 Nfg4 
28.Nxg4 Nxg4 29.Nc2 f5 30.a4 Re7 31.Ne3 Nxe3 32.fxe3 Rc8 33.a5 Kf7 34.Kf2 
Rcc7 35.Rd4 Re6 36.Rh1 Ke8 37.Rh6 Ree7 38.g4 fxg4 39.Kg3 Rcd7 40.Rxd7 Kxd7
41.Kxg4 Kc6 42.Rh1 Kb5 43.Rb1 Rf7 44.Kg3 Kc4 45.Kg4 Kd3 46.Rc1 Kxe3 47.c6 
Rc7 48.Re1+ Kd3 49.Rd1+ Ke2 50.Rd7 Rxc6 51.Rxh7 e3 52.Kg3 b6 53.b5 axb5 
54.a6 Rc3 55.Re7 Ra3 56.a7 Ra4 57.Rb7 Kf1 58.Rf7+ Ke1 59.Kf3 e2 60.Re7 Kd1
61.Rxe2 Rxa7 62.Re6 Rb7 63.Rxg6 b4 64.Ke3 b3 65.Rd6+ Kc1 66.Rc6+ Kb1 0-1

[Event "interzonal (w)"]
[Site "Tuzla"]
[Date "1987.??.??"]
[Round "3"]
[White "Maksimovic, Suzana"]
[Black "Ivanka, Maria"]
[Result "0-1"]
[WhiteElo "2345"]
[BlackElo "2320"]
[EventDate "1987.07.??"]
[PlyCount "90"]

1.d4 Nf6 2.c4 c5 3.d5 e6 4.Nc3 exd5 5.cxd5 d6 6.e4 g6 7.f4 Bg7 8.Bb5+ Nfd7
9.Bd3 O-O 10.Nf3 Na6 11.O-O Nc7 12.a4 Na6 13.Kh1 Nb4 14.Bb1 Nf6 15.f5 Ng4 
16.Bf4 Ne5 17.Nxe5 dxe5 18.Be3 b6 19.Qf3 f6 20.Ra3 a5 21.Rd1 Ba6 22.Qg3 g5
23.Qf3 Ra7 24.Ne2 Qe8 25.Nc1 Rff7 26.Ba2 Nxa2 27.Nxa2 Bf8 28.Nc3 Bc4 29.
Raa1 Rg7 30.Rd2 Bd6 31.Qd1 h5 32.g4 Rh7 33.b3 Ba6 34.Raa2 hxg4 35.Qxg4 Rh4
36.Qg3 Qh5 37.Rg2 Kf8 38.Kg1 Rxe4 39.Raf2 Rb4 40.h4 Rxh4 41.Rh2 Rh7 42.
Rxh4 Qxh4 43.Qxh4 Rxh4 44.Kg2 Bd3 45.Rf3 e4 0-1

[Event "interzonal (w)"]
[Site "Tuzla"]
[Date "1987.??.??"]
[Round "3"]
[White "Matveeva, Svetlana"]
[Black "Sakhatova, Gulnar"]
[Result "0-1"]
[WhiteElo "2380"]
[BlackElo "2350"]
[EventDate "1987.07.??"]
[PlyCount "80"]

1.d4 d5 2.Nf3 Nf6 3.g3 c5 4.Bg2 e6 5.O-O cxd4 6.Nxd4 Be7 7.c4 O-O 8.cxd5 
exd5 9.Nc3 Nc6 10.Be3 Re8 11.Qb3 Na5 12.Qc2 Bg4 13.Rfd1 Rc8 14.Rac1 Nc4 
15.Bg5 Nb6 16.Nf5 Bc5 17.Ne3 Be6 18.Bf3 h6 19.Bf4 Qe7 20.Nf5 Qd7 21.Nd4 
Bg4 22.Qd3 Bxd4 23.Qxd4 Bxf3 24.exf3 Rc4 25.Qd3 Rc6 26.b3 Qh3 27.Nb5 Rxc1 
28.Rxc1 Nbd7 29.Nd6 Re6 30.Nxb7 g5 31.Bd6 Ne5 32.Bxe5 Rxe5 33.Qc3 g4 34.f4
Rh5 35.Nd6 Qxh2+ 36.Kf1 d4 37.Qc6 d3 38.Ke1 Qg1+ 39.Kd2 Qxf2+ 40.Kxd3 Rd5+
0-1